| 000 | 00857nam a2200205 i 4500 | ||
|---|---|---|---|
| 001 | bg | ||
| 245 | 0 |
_aWarunki techniczne jakim powinny odpowiadać budynki i ich usytuowanie : _bznowelizowany tekst rozporządzenia, komentarz do zmian w przepisach rozporządzenia, przepisy prawne związane z rozporządzeniem, obowiązujące polskie normy, skorowidz tematyczny / _c[aut. projektu rozporządzenia i komentarzy Andrzej Boczkowski et al.]. |
|
| 260 |
_aWarszawa : _bCobo-Profil, _c[1998]. |
||
| 300 |
_a292 s. ; _c24 cm. |
||
| 504 | _aWykaz polskich norm s. 267-275. - Indeks. | ||
| 650 | 9 |
_aBudownictwo _xprawo _zPolska _ystan na 1997 r. |
|
| 700 | 1 | _aBOCZKOWSKI, Andrzej. | |
| 020 | _a83902872 | ||
| 040 | _cBPK | ||
| 041 | 0 | _apl | |
| 080 | _a349.442:69.001.3](438) | ||
| 920 | _a83-902872 | ||
| 942 | _cKS | ||
| 008 | s pl f |000 0 pol | ||
| 999 |
_c33595 _d33595 |
||
| 856 |
_uhttp://koha.tu.koszalin.pl/cgi-bin/koha/opac-detail.pl?biblionumber=33595 _yKatalog online BPK |
||